00353nam a2200121Ia 45000010005000000080041000050820032000461000053000782450034001312600024001659010027001899990015002163023241024s9999 xx 000 0 und d aRD/370.97293/R426p/poa/2013 aRepública Dominicana.Ministerio de Educación 0aPlan Operativo Anual POA 2013 bSanto Domingoc2013 a22/7/2013 2:09:35 p.m. c8992d8992